01298 2200601 4500001002100000005001500021035002000036245005900056100002200115300002800137260003100165082000800196084001400204020002200218990001200240990001200252990001200264990001200276990001200288990001200300990001200312990001200324990001200336990001200348990001200360990001200372990001200384990001200396990001200408990001200420990001200432990001200444990001200456990001200468990001200480990001200492990001200504990001200516990001200528990001200540990001200552990001200564990001200576990001200588990001200600990001200612990001200624990001200636990001200648990001200660990001200672990001200684INLIS00000000000265420250903071948 a0010-09250000011 aSosiologi 3 ( Kurikulum Merdeka ) /cEpifanius Solanta0 aEpifanius Solanta a142 hlm ;c21 x 26,5 cm aBogor :bYudhistira,c2025 a301 a301 EPI s a978-623-518-407-4 a0755480 a0755481 a0755482 a0755483 a0755484 a0755485 a0755486 a0755487 a0755488 a0755489 a0755490 a0755491 a0755492 a0755493 a0755494 a0755495 a0755496 a0755497 a0755498 a0755499 a0755500 a0755501 a0755502 a0755503 a0755504 a0755505 a0755506 a0755507 a0755508 a0755509 a0755510 a0755511 a0755512 a0755513 a0755514 a0755515 a0755516 a0755517